Sherwood Park News

Salvato in:
Dettagli Bibliografici
Natura: Elettronico Periodico
Pubblicazione: [S.l.] : [s.n.]
Soggetti:
Accesso online:Full text available from Canadian Newsstream: 05/14/2015 to 12/31/2018
Full text available from Canadian Newsstream: 01/01/2020 to 04/15/2021
Full text available from Canadian Newsstream: 03/29/2022 to 1 day ago
Tags: Aggiungi Tag
Nessun Tag, puoi essere il primo ad aggiungerne!!

MARC

LEADER 00000das a22000003u 4500
001 ssib032273705
003 WaSeSS
005 20240317044553.0
006 m d
007 cr n
008 240117uuuuuuuuu||||| |ss|||||| ||||||d
035 |a (WaSeSS)ssib032273705 
040 |a WaSeSS  |c WaSeSS  |d WaSeSS 
245 0 0 |a Sherwood Park News  |h [electronic resource]. 
260 |a [S.l.] :  |b [s.n.] 
500 |a Title from content provider. 
506 |a License restrictions may limit access. 
655 0 |a Electronic journals. 
856 4 0 |z Full text available from Canadian Newsstream: 05/14/2015 to 12/31/2018  |u https://wwwproquest.unach.elogim.com/intermediateredirectforezproxy 
856 4 0 |z Full text available from Canadian Newsstream: 01/01/2020 to 04/15/2021  |u https://wwwproquest.unach.elogim.com/intermediateredirectforezproxy 
856 4 0 |z Full text available from Canadian Newsstream: 03/29/2022 to 1 day ago  |u https://wwwproquest.unach.elogim.com/intermediateredirectforezproxy